000 00305nam a2200121Ia 4500
008 240624s9999 xx 000 0 und d
041 _aeng
082 _a823 ARM
100 _aARMSTRONG LANCE
245 _aEVERY SECOND COUNTS
260 _c2003
_aLondon
_bYello Jersey Press
300 _a246 : p. : cm. ; 22
999 _c25898
_d25898